000 00663nam a22001577a 4500
003 MACL
005 20250731134134.0
008 250731b |||||||| |||| 00| 0 eng d
040 _cMacl
082 _a320
100 _aसिंह,विक्रम
_983226
245 _aMPPSC2.0प्रीलिम्‍स Handwritten नोटस (युनिट-५) भारत एवं मध्‍यप्रदेश की संवैधानिक व्‍यवस्‍था
260 _aमेरठ(यूपी)
_bअरिहन्‍त पब्लिकेशन्‍स
_c२०२५
650 _aराजनीति
942 _2ddc
_cC. BOOKS
999 _c68037
_d68037